000 00341nam a22001457a 4500
008 230928b ||||| |||| 00| 0 eng d
020 _a9789951550444
041 _aShqip
080 _22023
_a612
082 _a612FEK
100 _a16
101 _aSUB IAM
245 _aKIMIA E PERGJITHSHME DHE INORGANIKE
_cFEKA FIDAN
942 _2udc
_cBK
999 _c60413
_d60413